Statistics for Countries and World Capitals by First Two Letters in Two Minutes

Click here to take the quiz!

General Stats

  • This quiz has been taken 44,932 times
  • The average score is 257 of 395

Answers on the Map

Answers color-coded by a green-red scale on the quiz's map according to % correct below.
 

Answer Stats

C% Correct
Cairo
96%
Cambodia
96%
Cameroon
96%
Canada
96%
Canberra
96%
Cape Town
96%
Cape Verde
96%
Caracas
96%
Castries
96%
D. R. Congo
93%
Mogadishu
93%
Moldova
93%
Monaco
93%
Mongolia
93%
Monrovia
93%
Montenegro
93%
Montevideo
93%
Morocco
93%
Moroni
93%
Moscow
93%
Mozambique
93%
Brasilia
92%
Bratislava
92%
Brazil
92%
Brazzaville
92%
Bridgetown
92%
Brunei
92%
Brussels
92%
Macedonia
92%
Madagascar
92%
Madrid
92%
Majuro
92%
Malabo
92%
Malawi
92%
Malaysia
92%
Maldives
92%
Male
92%
Mali
92%
Malta
92%
Managua
92%
Manama
92%
Manila
92%
Maputo
92%
Marshall Islands
92%
Maseru
92%
Mauritania
92%
Mauritius
92%
Melekeok
92%
Mexico
92%
Mexico City
92%
Chad
91%
Chile
91%
China
91%
Chisinau
91%
Pakistan
91%
Palau
91%
Palikir
91%
Panama
91%
Panama City
91%
Papua New Guinea
91%
Paraguay
91%
Paramaribo
91%
Paris
91%
Rep. of the Congo
91%
Saint Kitts and Nevis
90%
Saint Lucia
90%
Saint Vincent and the
Grenadines
90%
Saint George's
88%
Saint John's
88%
Samoa
88%
Sana'a
88%
San Jose
88%
San Marino
88%
San Salvador
88%
Santiago
88%
Santo Domingo
88%
Sao Tome
88%
São Tomé and Príncipe
88%
Sarajevo
88%
Saudi Arabia
88%
United Arab Emirates
88%
United Kingdom
88%
United States
88%
Liberia
87%
Libreville
87%
Libya
87%
Liechtenstein
87%
Lilongwe
87%
Lima
87%
Lisbon
87%
Lithuania
87%
North Korea
87%
Norway
87%
Nouakchott
87%
Russia
87%
Colombia
86%
Comoros
86%
Conakry
86%
Copenhagen
86%
Costa Rica
86%
Côte d'Ivoire
86%
Beijing
85%
Beirut
85%
Belarus
85%
Belgium
85%
Belgrade
85%
Belize
85%
Belmopan
85%
Benin
85%
Berlin
85%
Bern
85%
Sofia
85%
Solomon Islands
85%
Somalia
85%
South Africa
85%
South Korea
85%
South Sudan
85%
Argentina
83%
Armenia
83%
Australia
83%
Austria
83%
Podgorica
83%
Poland
83%
Port-au-Prince
83%
Port Louis
83%
Port Moresby
83%
Port-of-Spain
83%
Porto-Novo
83%
Portugal
83%
Port-Vila
83%
India
82%
Indonesia
82%
Bogota
81%
Bolivia
81%
Bosnia and
Herzegovina
81%
Botswana
81%
Albania
80%
Algeria
80%
Algiers
80%
Myanmar
80%
Iran
79%
Iraq
79%
Ireland
79%
Nepal
79%
Netherlands
79%
New Delhi
79%
New Zealand
79%
Denmark
78%
Fiji
78%
Finland
78%
France
78%
Freetown
78%
Kabul
78%
Kampala
78%
Kathmandu
78%
Kazakhstan
78%
Peru
78%
Sucre
78%
Sudan
78%
Suriname
78%
Suva
78%
Swaziland
78%
Sweden
78%
Switzerland
78%
Tunis
77%
Tunisia
77%
Turkey
77%
Turkmenistan
77%
Tuvalu
77%
Jakarta
76%
Jamaica
76%
Japan
76%
Andorra
74%
Andorra la Vella
74%
Angola
74%
Ankara
74%
Antananarivo
74%
Antigua and Barbuda
74%
Georgetown
74%
Georgia
74%
Germany
74%
Laos
74%
La Paz
74%
Latvia
74%
Niamey
74%
Nicaragua
74%
Nicosia
74%
Niger
74%
Nigeria
74%
Spain
73%
Baghdad
71%
Bahamas
71%
Bahrain
71%
Baku
71%
Bamako
71%
Bandar Seri Begawan
71%
Bangkok
71%
Bangladesh
71%
Bangui
71%
Banjul
71%
Barbados
71%
Basseterre
71%
Bucharest
71%
Budapest
71%
Buenos Aires
71%
Bujumbura
71%
Bulgaria
71%
Burkina Faso
71%
Burundi
71%
Egypt
71%
Nairobi
71%
Namibia
71%
Nassau
71%
Nauru
71%
Naypyidaw
71%
Taipei
71%
Taiwan
71%
Tajikistan
71%
Tallinn
71%
Tanzania
71%
Tarawa
71%
Tashkent
71%
Iceland
70%
Venezuela
70%
Guatemala
67%
Guatemala City
67%
Guinea
67%
Guinea-Bissau
67%
Guyana
67%
Victoria
64%
Vienna
64%
Vientiane
64%
Vietnam
64%
Vilnius
64%
Senegal
63%
Seoul
63%
Serbia
63%
Seychelles
63%
Ukraine
63%
Warsaw
62%
Washington
62%
Cuba
60%
Togo
60%
Tokyo
60%
Tonga
60%
Ecuador
59%
Uruguay
59%
Yemen
58%
Yerevan
58%
Haiti
57%
Hanoi
57%
Harare
57%
Havana
57%
Oman
56%
Romania
56%
Rome
56%
Roseau
56%
Thailand
56%
Thimphu
56%
Kiev
55%
Kigali
55%
Kingston
55%
Kingstown
55%
Kinshasa
55%
Kiribati
55%
Lome
55%
London
55%
Reykjavik
55%
Afghanistan
54%
Ethiopia
54%
Italy
52%
Dublin
50%
Dushanbe
50%
Philippines
50%
Phnom Penh
50%
Zagreb
49%
Zambia
49%
Kenya
48%
Central African
Republic
47%
Stockholm
47%
Uzbekistan
47%
Federated States of
Micronesia
46%
Honduras
46%
Honiara
46%
Kyrgyzstan
46%
Ottawa
46%
Vaduz
45%
Valletta
45%
Vanuatu
45%
Vatican City
45%
Ashgabat
44%
Asmara
44%
Astana
44%
Asuncion
44%
Greece
44%
Grenada
44%
Helsinki
44%
Oslo
43%
Zimbabwe
43%
Luanda
42%
Lusaka
42%
Luxembourg
42%
Gabon
41%
Gaborone
41%
Gambia
41%
Minsk
41%
Syria
41%
Dodoma
40%
Doha
40%
Dominica
40%
Dominican Republic
40%
Sierra Leone
39%
Singapore
39%
Estonia
38%
Islamabad
38%
Israel
38%
Riga
38%
Riyadh
38%
Amman
37%
Amsterdam
37%
Ghana
37%
Jordan
37%
Lebanon
36%
Lesotho
36%
Quito
36%
Eritrea
35%
Sri J. Kotte
35%
Sri Lanka
35%
Tegucigalpa
35%
Tehran
35%
Kuala Lumpur
34%
Kuwait
34%
Kuwait City
34%
Prague
33%
Praia
33%
Pretoria
33%
Pristina
33%
Rabat
32%
Wellington
32%
Dakar
31%
Damascus
31%
Slovakia
31%
Slovenia
31%
Uganda
30%
Bishkek
29%
Bissau
29%
Muscat
29%
Trinidad and Tobago
29%
Tripoli
29%
Abu Dhabi
28%
Abuja
28%
El Salvador
28%
Hungary
28%
Athens
27%
Kosovo
27%
Pyongyang
27%
Addis Ababa
26%
Azerbaijan
26%
Czech Republic
26%
Djibouti
26%
Croatia
23%
Dili
23%
Tirana
23%
Ulaanbaatar
23%
Bhutan
22%
Nuku'alofa
22%
Qatar
22%
Rwanda
21%
Windhoek
21%
Jerusalem
20%
Accra
19%
Equatorial Guinea
19%
East Timor
18%
Khartoum
18%
Cyprus
17%
Dhaka
17%
Juba
16%
Yamoussoukro
15%
Yaounde
15%
Yaren
15%
Apia
14%
N'Djamena
14%
Funafuti
13%
Skopje
12%
Bloemfontein
11%
Ljubljana
10%
Mbabane
10%
Ouagadougou
10%
Tbilisi
9%

Score Distribution

Percentile by Number Answered

Percent of People with Each Score

Your Score History

You have not taken this quiz